[Event "Skopje op"]
[Site "Skopje"]
[Date "2023.12.10"]
[Round "6"]
[White "Kantorik, Marian"]
[Black "Dimkovski, Stojancho"]
[Result "1-0"]
[WhiteElo "2201"]
[BlackElo "2056"]
[PlyCount "48"]
[EventDate "2023.12.06"]
[EventType "swiss"]
[EventRounds "9"]
[EventCountry "MKD"]
[SourceTitle "CB50_2023"]
[SourceDate "2023.12.13"]
[SourceVersion "1"]
[SourceVersionDate "2023.12.13"]
[SourceQuality "1"]

1. d4 Nf6 2. Nc3 d5 3. Bf4 a6 4. e3 e6 5. g4 h6 6. h4 c5 7. Qf3 cxd4 8. exd4 Nc6 9. 0-0-0 Qb6 10. g5 hxg5 11. hxg5 Rxh1 12. Qxh1 Ng8 13. g6 fxg6 14. Bd3 Nge7 15. Qh7 Bd7 16. Bxg6+ Nxg6 17. Qxg6+ Kd8 18. Nf3 Qb4 19. a3 Qa5 20. Rh1 Be8 21. Qxe6 Bxa3 22. Rh8 Be7 23. Ng5 Qa1+ 24. Kd2 Qe1+ 1-0

[Event "Skopje op"]
[Site "Skopje"]
[Date "2023.12.07"]
[Round "2"]
[White "Karadas, Hena"]
[Black "Dimkovski, Stojancho"]
[Result "1-0"]
[WhiteElo "1477"]
[BlackElo "2056"]
[PlyCount "105"]
[EventDate "2023.12.06"]
[EventType "swiss"]
[EventRounds "9"]
[EventCountry "MKD"]
[SourceTitle "CB50_2023"]
[SourceDate "2023.12.13"]
[SourceVersion "1"]
[SourceVersionDate "2023.12.13"]
[SourceQuality "1"]

1. d4 Nf6 2. Nf3 e6 3. Bf4 c5 4. e3 cxd4 5. exd4 Be7 6. c3 b6 7. Bd3 Bb7 8. Nbd2 d6 9. Qe2 Nbd7 10. h3 a6 11. 0-0 0-0 12. Bh2 Re8 13. a4 Bf8 14. a5 b5 15. c4 e5 16. dxe5 dxe5 17. Ne4 bxc4 18. Nxf6+ Qxf6 19. Bxc4 e4 20. Ne1 Ne5 21. Bxe5 Qxe5 22. Nc2 Bd6 23. g3 e3 24. Nxe3 Bc5 25. Rae1 Re7 26. Qg4 Qxb2 27. Rb1 Qf6 28. Nd5 Bxd5 29. Bxd5 Rd8 30. Qf3 Qg5 31. Rfd1 Rde8 32. Bc6 Re3 33. fxe3 Rxe3 34. Kg2 Rxf3 35. Rb8+ Bf8 36. Bxf3 Qxa5 37. Rdd8 Qa2+ 38. Kg1 Qa1+ 39. Kh2 Qa2+ 40. Bg2 g6 41. Rxf8+ Kg7 42. Ra8 h5 43. h4 Qf2 44. Rfb8 f5 45. Rb7+ Kf6 46. Rxa6+ Ke5 47. Rxg6 Qa2 48. Rb5+ Kd4 49. Rxf5 Qc2 50. Rd6+ Ke3 51. Rf3+ Ke2 52. Re6+ Kd2 53. Rf2+ 1-0

[Event "FRM-ch op"]
[Site "Skopje"]
[Date "2023.05.06"]
[Round "3"]
[White "Risteski, Emil"]
[Black "Dimkovski, Stojancho"]
[Result "1-0"]
[WhiteElo "2366"]
[BlackElo "2024"]
[PlyCount "69"]
[EventDate "2023.05.04"]
[EventType "swiss"]
[EventRounds "9"]
[EventCountry "MKD"]
[SourceTitle "CBM 214 Extra"]
[Source "ChessBase"]
[SourceDate "2023.07.31"]
[SourceVersion "1"]
[SourceVersionDate "2023.07.31"]
[SourceQuality "1"]

1. e4 c5 2. Nf3 g6 3. Bc4 Nc6 4. 0-0 Bg7 5. c3 e6 6. Bb5 Nge7 7. d4 cxd4 8. cxd4 Qb6 9. Bxc6 bxc6 10. Nc3 0-0 11. Na4 Qc7 12. b3 Ba6 13. Re1 Bb5 14. Ba3 d6 15. Nc3 Rfd8 16. Qc2 Qa5 17. Bb2 Rac8 18. Rad1 c5 19. d5 e5 20. Nxb5 Qxb5 21. Nd2 a5 22. a4 Qd7 23. Nc4 Qc7 24. Bc3 Ra8 25. Qd2 Rdb8 26. Bxa5 Qa7 27. Rb1 f5 28. Bc3 Qa6 29. f3 Bf6 30. f4 Rxb3 31. Rxb3 Qxc4 32. fxe5 Bh4 33. Reb1 Rf8 34. exd6 fxe4 35. dxe7 1-0

[Event "FRM-ch op"]
[Site "Skopje"]
[Date "2023.05.04"]
[Round "1"]
[White "Loshkov, Konstantin"]
[Black "Dimkovski, Stojancho"]
[Result "0-1"]
[WhiteElo "1269"]
[BlackElo "2024"]
[PlyCount "44"]
[EventDate "2023.05.04"]
[EventType "swiss"]
[EventRounds "9"]
[EventCountry "MKD"]
[SourceTitle "CBM 214 Extra"]
[Source "ChessBase"]
[SourceDate "2023.07.31"]
[SourceVersion "1"]
[SourceVersionDate "2023.07.31"]
[SourceQuality "1"]

1. d4 Nf6 2. Bf4 e6 3. e3 c5 4. Nf3 cxd4 5. exd4 Be7 6. c3 b6 7. Nbd2 Bb7 8. Bd3 0-0 9. 0-0 d6 10. Qc2 Nbd7 11. Nc4 Qc7 12. Ng5 g6 13. Nd2 Nd5 14. g3 e5 15. Ne6 fxe6 16. Bxg6 exf4 17. Bxh7+ Kh8 18. Nf3 Rf7 19. Bg6 Rg7 20. h4 Nb4 21. Qb1 Qc6 22. Bh5 Qd5 0-1

[Event "FRM-chT2 Gp-A"]
[Site "Ohrid"]
[Date "2022.07.23"]
[Round "4.6"]
[White "Arsov, Filip"]
[Black "Dimkovski, Stojancho"]
[Result "0-1"]
[WhiteElo "1637"]
[BlackElo "1987"]
[PlyCount "54"]
[EventDate "2022.07.21"]
[EventType "team-tourn"]
[EventRounds "5"]
[EventCountry "MKD"]
[SourceTitle "CBM 210 Extra"]
[Source "ChessBase"]
[SourceDate "2022.11.30"]
[SourceVersion "1"]
[SourceVersionDate "2022.11.30"]
[SourceQuality "1"]
[WhiteTeam "Bitola Noemvri"]
[BlackTeam "Karpos"]
[WhiteTeamCountry "MKD"]
[BlackTeamCountry "MKD"]

1. e4 c5 2. Nf3 Nc6 3. d4 cxd4 4. Nxd4 g6 5. Nc3 Bg7 6. Be3 Nf6 7. f3 0-0 8. Qd2 d5 9. 0-0-0 dxe4 10. Nxe4 Nxe4 11. fxe4 Bxd4 12. Bxd4 Bg4 13. Be2 Bxe2 14. Qxe2 Nxd4 15. Qf2 e5 16. c3 Qc7 17. h4 Rac8 18. Qf6 Ne2+ 19. Kb1 Nxc3+ 20. bxc3 Qxc3 21. h5 Rc6 22. Rd6 Qc2+ 23. Ka1 Qc3+ 24. Kb1 Qb4+ 25. Ka1 Qxd6 26. Qf3 Qd4+ 27. Kb1 Rb6+ 0-1

[Event "FRM-chT2 Gp-A"]
[Site "Ohrid"]
[Date "2022.07.22"]
[Round "2.5"]
[White "Gotovusa, Goran"]
[Black "Dimkovski, Stojancho"]
[Result "1-0"]
[WhiteElo "2165"]
[BlackElo "1987"]
[PlyCount "67"]
[EventDate "2022.07.21"]
[EventType "team-tourn"]
[EventRounds "5"]
[EventCountry "MKD"]
[SourceTitle "CBM 210 Extra"]
[Source "ChessBase"]
[SourceDate "2022.11.30"]
[SourceVersion "1"]
[SourceVersionDate "2022.11.30"]
[SourceQuality "1"]
[WhiteTeam "Pelagon"]
[BlackTeam "Karpos"]
[WhiteTeamCountry "MKD"]
[BlackTeamCountry "MKD"]

1. d4 Nf6 2. e3 e6 3. Nf3 c5 4. Bd3 cxd4 5. exd4 Be7 6. 0-0 b6 7. Qe2 Bb7 8. h3 0-0 9. Re1 Re8 10. c3 d6 11. Bf4 Nbd7 12. Bc4 Bf8 13. Nbd2 a6 14. a4 Nd5 15. Bh2 N7f6 16. Ng5 h6 17. Nge4 Nxe4 18. Qxe4 Qd7 19. Qd3 Nf6 20. Nf1 Nd5 21. Ne3 Nxe3 22. Rxe3 Rec8 23. Bb3 Qc6 24. f3 b5 25. Bc2 g6 26. Rxe6 fxe6 27. Qxg6+ Bg7 28. Qxe6+ Kh8 29. Qg6 Kg8 30. Bxd6 Qc4 31. Qh7+ Kf7 32. Re1 Rc7 33. Qg6+ Kg8 34. Re8+ 1-0

[Event "FRM-chT 29th"]
[Site "Struga"]
[Date "2021.08.18"]
[Round "4"]
[White "Dimkovski, Stojancho"]
[Black "Risteski, Emil"]
[Result "1/2-1/2"]
[WhiteElo "1956"]
[BlackElo "2317"]
[PlyCount "140"]
[EventDate "2021.08.15"]
[EventType "team-tourn"]
[EventRounds "7"]
[EventCountry "MKD"]
[SourceTitle "CBM 203 Extra"]
[Source "ChessBase"]
[SourceDate "2021.09.30"]
[SourceVersion "1"]
[SourceVersionDate "2021.09.30"]
[SourceQuality "1"]
[WhiteTeam "Skopje Karposh"]
[BlackTeam "Skopje Gambit Asseko"]
[WhiteTeamCountry "MKD"]
[BlackTeamCountry "MKD"]

1. d4 Nf6 2. c4 g6 3. Nc3 Bg7 4. Nf3 0-0 5. Bf4 d6 6. e3 Nfd7 7. h3 e5 8. Bh2 f5 9. dxe5 dxe5 10. Qd5+ Kh8 11. Nxe5 Nxe5 12. Bxe5 Qe7 13. Bxg7+ Qxg7 14. Be2 Nc6 15. Rd1 Qe7 16. Qd2 Be6 17. 0-0 Rfd8 18. Nd5 Bxd5 19. cxd5 Ne5 20. Rc1 Kg8 21. Rfd1 c6 22. d6 Qf6 23. Qb4 Rd7 24. Rd2 Kg7 25. Rcd1 Rad8 26. f4 Nf7 27. e4 fxe4 28. Qxe4 Rxd6 29. Qe3 Rxd2 30. Rxd2 Rxd2 31. Qxd2 Nd6 32. Bf3 h5 33. g3 Nf5 34. Qd7+ Qf7 35. Qxf7+ Kxf7 36. Kf2 Kf6 37. g4 hxg4 38. hxg4 Nd6 39. Be2 g5 40. Ke3 Nf7 41. b4 gxf4+ 42. Kxf4 Ng5 43. Bc4 Nh3+ 44. Kg3 Ng5 45. Kf4 Nh3+ 46. Kg3 Ng5 47. Kh4 Nf3+ 48. Kh5 Ng5 49. a4 b6 50. a5 bxa5 51. bxa5 c5 52. Kh6 Nf7+ 53. Bxf7 Kxf7 54. Kg5 c4 55. Kf4 Kg6 56. Ke4 Kg5 57. Kd4 Kxg4 58. Kxc4 Kf5 59. Kd5 Kf6 60. Kd6 Kf7 61. Kd7 Kf8 62. Kd8 Kf7 63. Kd7 Kf8 64. Kc6 Ke7 65. Kc7 Ke8 66. Kb7 Kd7 67. Kxa7 Kc7 68. a6 Kc8 69. Ka8 Kc7 70. a7 Kc8 1/2-1/2

[Event "FRM-chT qual Final"]
[Site "Ohrid"]
[Date "2020.08.24"]
[Round "1.2"]
[White "Petreski, Leonid"]
[Black "Dimkovski, Stojancho"]
[Result "1-0"]
[WhiteElo "1594"]
[BlackElo "1966"]
[PlyCount "69"]
[EventDate "2020.08.24"]
[EventType "team-tourn"]
[EventRounds "3"]
[EventCountry "MKD"]
[SourceTitle "EXT 2021"]
[Source "ChessBase"]
[SourceDate "2020.10.23"]
[SourceVersion "1"]
[SourceVersionDate "2020.10.23"]
[SourceQuality "1"]
[WhiteTeam "Skopje MSK Centar"]
[BlackTeam "Skopje Karposh"]
[WhiteTeamCountry "MKD"]
[BlackTeamCountry "MKD"]

1. e4 c5 2. Nf3 Nc6 3. d4 cxd4 4. Nxd4 Nf6 5. Nc3 g6 6. Nxc6 bxc6 7. e5 Ng8 8. Bc4 Bg7 9. Qf3 e6 10. Bf4 Ne7 11. 0-0 Nd5 12. Ne4 0-0 13. Bxd5 cxd5 14. Nf6+ Bxf6 15. exf6 Qxf6 16. Qg3 Qxb2 17. Bd6 Re8 18. Be5 Qxc2 19. Qh4 Qf5 20. f4 h5 21. h3 d6 22. g4 Qd3 23. Bf6 e5 24. f5 Ba6 25. Rad1 Qe3+ 26. Rf2 Rac8 27. Kh2 Rc4 28. Bg5 Qe4 29. Bh6 Rc2 30. Rxc2 Qxc2+ 31. Rd2 Rc8 32. Rxc2 Rxc2+ 33. Kg1 Kh7 34. fxg6+ fxg6 35. Qe7+ 1-0

[Event "Paracin Amateur op"]
[Site "Paracin"]
[Date "2020.02.01"]
[Round "3"]
[White "Dimkovski, Stojancho"]
[Black "Stanojevic, Ilija"]
[Result "1/2-1/2"]
[WhiteElo "1929"]
[BlackElo "2223"]
[PlyCount "120"]
[EventDate "2020.01.31"]
[EventType "swiss"]
[EventRounds "9"]
[EventCountry "SRB"]
[SourceTitle "CBM 194 Extra"]
[Source "ChessBase"]
[SourceDate "2020.03.31"]
[SourceVersion "1"]
[SourceVersionDate "2020.03.31"]
[SourceQuality "1"]

1. c4 e5 2. g3 Nc6 3. Bg2 f5 4. Nc3 Nf6 5. e3 Bb4 6. Nd5 0-0 7. Ne2 Nxd5 8. cxd5 Ne7 9. 0-0 Ba5 10. d4 e4 11. f3 exf3 12. Bxf3 d6 13. a3 Ng6 14. b4 Bb6 15. Bd2 Qe7 16. Bg2 Nh8 17. Qe1 Nf7 18. Qf2 Bd7 19. Nc3 Ng5 20. h4 Ne4 21. Bxe4 fxe4 22. Qg2 Bf5 23. Rf4 Bg6 24. Raf1 Rxf4 25. Rxf4 Re8 26. Qe2 h6 27. Qg4 Bh7 28. Ne2 c6 29. Rf1 cxd5 30. Nc3 Kh8 31. Nxd5 Qe6 32. Qxe6 Rxe6 33. Nxb6 axb6 34. Rf7 d5 35. Rxb7 Bf5 36. a4 Rc6 37. Kf2 Bg4 38. Ke1 Kh7 39. a5 bxa5 40. bxa5 Kg6 41. Rb6 Rxb6 42. axb6 Bc8 43. Bb4 h5 44. Bd6 Kf5 45. Bf4 g6 46. Kd2 Ke6 47. Kc3 Kd7 48. Bc7 Kc6 49. Kb4 Bb7 50. Kc3 Bc8 51. Kd2 Bg4 52. Bd8 Kb7 53. Kc3 Kc6 54. Bc7 Kb7 55. Kb4 Kc6 56. Bd8 Bc8 57. Ka5 Bb7 58. Bc7 Bc8 59. Be5 Bb7 60. Bf4 Bc8 1/2-1/2

[Event "Skopje op"]
[Site "Skopje"]
[Date "2019.12.09"]
[Round "5"]
[White "Dimkovski, Stojancho"]
[Black "Trajkovski, Mile"]
[Result "1/2-1/2"]
[WhiteElo "1921"]
[BlackElo "2075"]
[PlyCount "89"]
[EventDate "2019.12.06"]
[EventType "swiss"]
[EventRounds "9"]
[EventCountry "MKD"]
[SourceTitle "CBM 193 Extra"]
[Source "ChessBase"]
[SourceDate "2020.01.31"]
[SourceVersion "1"]
[SourceVersionDate "2020.01.31"]
[SourceQuality "1"]

1. c4 c5 2. Nc3 Nf6 3. Nf3 Nc6 4. g3 d5 5. cxd5 Nxd5 6. Bg2 Nc7 7. 0-0 e5 8. a3 Be7 9. b4 cxb4 10. axb4 Bxb4 11. Nxe5 Bxc3 12. Nxc6 bxc6 13. Bxc6+ Bd7 14. Bxd7+ Qxd7 15. dxc3 Qxd1 16. Rxd1 0-0 17. Ra5 h6 18. Rd7 Rfc8 19. Be3 a6 20. c4 Ne6 21. c5 Rc6 22. Rb7 Kf8 23. f4 Ke8 24. Kf2 Nd8 25. Rb3 Kd7 26. Ra4 Kc8 27. Re4 a5 28. g4 Ra7 29. f5 a4 30. Ra3 Rca6 31. Bf4 f6 32. h4 Nb7 33. Be3 Nd8 34. Bf4 Nb7 35. Be3 Nd8 36. h5 Ra8 37. Bf4 R8a7 38. Bd6 Kd7 39. Re7+ Kc6 40. Re8 Nf7 41. Bf4 Kb5 42. Rb8+ Kc6 43. Rc8+ Kb5 44. Rb8+ Kc6 45. Rc8+ 1/2-1/2

[Event "Paracin Summer op-B 12th"]
[Site "Paracin"]
[Date "2019.07.12"]
[Round "9"]
[White "Dimkovski, Stojancho"]
[Black "Manova, Ivana"]
[Result "1-0"]
[WhiteElo "1909"]
[BlackElo "1845"]
[PlyCount "41"]
[EventDate "2019.07.05"]
[EventType "swiss"]
[EventRounds "9"]
[EventCountry "SRB"]
[SourceTitle "EXT 2020"]
[Source "ChessBase"]
[SourceDate "2019.10.17"]
[SourceVersion "1"]
[SourceVersionDate "2019.10.17"]
[SourceQuality "1"]

1. d4 Nf6 2. c4 e6 3. Nc3 d5 4. cxd5 exd5 5. Bg5 Be7 6. e3 Nbd7 7. Bd3 c6 8. Qc2 0-0 9. Nge2 Re8 10. 0-0 Ne4 11. Bxe7 Qxe7 12. Rae1 f5 13. f3 Nd6 14. Nf4 Nf6 15. Qf2 g5 16. Qg3 Qg7 17. Nfxd5 Nxd5 18. Qxd6 Nxc3 19. bxc3 Be6 20. a4 Red8 21. Qxe6+ 1-0